Το φαινόμενο του μουσείου και το γεγονός της τέχνης : το εικαστικό συμβάν και η ιστορία της τέχνης από τα cabinets of curiosities και το Salon στους νέους θεσμούς της τέχνης
Αποθηκεύτηκε σε:
| Κύριος συγγραφέας: | |
|---|---|
| Μορφή: | Βιβλίο |
| Γλώσσα: | Greek |
| Δημοσίευση: |
Αθήνα :
Γρηγόρη,
c2015.
|
| Σειρά: | Ιστορία και θεωρία της τέχνης ;
1 |
| Θέματα: | |
| Ετικέτες: |
Προσθήκη ετικέτας
Δεν υπάρχουν, Καταχωρήστε ετικέτα πρώτοι!
|
MARC
| LEADER | 00000cam a2200000 a 4500 | ||
|---|---|---|---|
| 001 | 1/124861 | ||
| 008 | 220516s2015####gr a ||| |||| ||gre|| | ||
| 020 | |a 9789603338345 | ||
| 040 | |a GR-MyUa |b gre |c GR-MyUa |e AACR2 | ||
| 041 | 0 | |a gre | |
| 082 | 7 | |a 708.009 |2 (23) | |
| 100 | 1 | |a Κανιάρη, Ασημίνα. | |
| 245 | 1 | 3 | |a Το φαινόμενο του μουσείου και το γεγονός της τέχνης : |b το εικαστικό συμβάν και η ιστορία της τέχνης από τα cabinets of curiosities και το Salon στους νέους θεσμούς της τέχνης / |c Ασημίνα Κανιάρη. |
| 260 | |a Αθήνα : |b Γρηγόρη, |c c2015. | ||
| 300 | |a 180 σ. : |b εικ. ; |c 24 εκ. | ||
| 490 | 1 | |a (Ιστορία και θεωρία της τέχνης ; |v 1) | |
| 504 | |a Περιλαμβάνει βιβλιογραφικές παραπομπές. | ||
| 650 | 0 | |a Museums |x Philosophy. | |
| 650 | 0 | |a Art, Modern |x History. | |
| 650 | 0 | |a Art museums |x History. | |
| 830 | 0 | |a Ιστορία και θεωρία της τέχνης ; |v 1 | |
| 852 | |a INST |b LESVOS |c EUDOXUS |e 20220516 |h 708.009 ΚΑΝ |p 005100063523 |q 005100063523 |t EDX |y 0 | ||
| 920 | |a Εύδοξος |b Παραγγελία |y Λέσβος-ΤΠΤΕ |z 2022-05 | ||
| 970 | |a Καμάτσου |b Δέσποινα |z 16-05-2022 | ||